| 000 | 01336 a2200253 4500 | ||
|---|---|---|---|
| 003 | Nust | ||
| 005 | 20220801141043.0 | ||
| 010 | _a 96017140 | ||
| 020 | _a0412086212 | ||
| 040 | _cNust | ||
| 082 | 0 | 0 | _a530.141015194,STE |
| 100 | 1 |
_aSteele, Charles W. _996066 |
|
| 245 | 1 | 0 |
_aNumerical computation of electric and magnetic fields / _cCharles W. Steele. |
| 250 | _a2nd ed. | ||
| 260 |
_aNew York : _bChapman & Hall : _bInternational Thomson Pub., _cc1997. |
||
| 300 |
_axv, 260 p. : _bill. ; _c24 cm. |
||
| 505 | _a,Introduction (Page-1), Field Properties (Page-3), Problem Definition (Page-28), Linear Space in Field Computations (Page-36), Projection Methods in Field Computations (Page-60), Finite Element Method for Interior Problems (Page-91), Finite Element Method for Exterior Problems (Page-111), Automatic and Adaptive Mesh Generation (Page-143), Integral Equation Method (Page-152), Static Magnetic Problem (Page-184), Eddy Current Problem (Page-193). | ||
| 650 | 0 |
_aElectric fields _xMeasurement. _996067 |
|
| 650 | 0 |
_aMagnetic fields _xMeasurement. _996068 |
|
| 650 | 0 |
_aNumerical analysis. _9103 |
|
| 856 | 4 | 2 |
_3Publisher description _uhttp://www.loc.gov/catdir/enhancements/fy0902/96017140-d.html |
| 856 | 4 | 2 |
_3Table of contents only _uhttp://www.loc.gov/catdir/enhancements/fy0902/96017140-t.html |
| 942 |
_cREF _2ddc |
||
| 999 |
_c175427 _d175427 |
||